000
00318nam a2200133Ia 4500
008
231017s9999 xx 000 0 und d
082
_a
388.32421
082
_b
LUS
245
0
_a
Alternatives to Weight Tolerance Permits
245
0
_c
David L. Luskin
260
_b
David L. Luskin
300
_c
30cm
942
_c
REP
999
_c
604124
_d
604124